000 00693cam a22002292 4500
001 0000003696
005 20151217154342.0
008 070514s xx 000 0 eng d
020 _a0852267711 (part I) :
_cKES 840
020 _a085226772X (part II)
040 _aKABU
_cKABU
050 0 _aQC21.2
_b.H35 1991
100 1 _aHalliday, David.
_@0000081654
245 1 0 _aPhysics /
_cDavid Halliday, Robert Resnick.
260 _aNew Delhi :
_bWiley Eastern Limited,
_c1991.
300 _a2 v.
650 0 _aPhysics.
_@0000153778
700 1 _aResnick, Robert.
_@0000153782
908 _a070514
950 _@1
999 _c10697
_d10697